William Kentridge / (Record no. 1301)

MARC details
000 -LEADER
campo de control de longitud fija 01026nam a22002417a 4500
008 - DATOS DE LONGITUD FIJA--INFORMACIÓN GENERAL
campo de control de longitud fija 170930s2003 enk||||| |||| 00| 0 eng d
020 ## - NÚMERO INTERNACIONAL ESTÁNDAR DEL LIBRO
Número Internacional Estándar del Libro 0714838292
082 04 - NÚMERO DE LA CLASIFICACIÓN DECIMAL DEWEY
Número de clasificación 741
Número de ítem C182w
100 1# - ENTRADA PRINCIPAL--NOMBRE DE PERSONA
Nombre de persona Cameron, Dan.
9 (RLIN) 5578
245 10 - MENCIÓN DEL TÍTULO
Título William Kentridge /
Mención de responsabilidad, etc. Dan Cameron, Carolyn Christov-Bakargiev y J.M. Coetzee.
250 ## - MENCION DE EDICION
Mención de edición 1a edición.
260 ## - PUBLICACIÓN, DISTRIBUCIÓN, ETC.
Lugar de publicación, distribución, etc. Londres :
Nombre del editor, distribuidor, etc. Phaidon,
Fecha de publicación, distribución, etc. 2003.
300 ## - DESCRIPCIÓN FÍSICA
Extensión 160 páginas :
Otras características físicas ilustraciones en color.
505 0# - NOTA DE CONTENIDO CON FORMATO
Título Interview
Mención de responsabilidad Carolyn Christov-Bakargiev in conversation with William Kentridge.
Título Survey: A procession of the dispossessed
Mención de responsabilidad Dan Cameron.
Título Focus: History of the main complaint
Mención de responsabilidad J.M. Coetzee.
Título Artist's choice: Confessions of Zeno (extract), 1923
Mención de responsabilidad Italo Svevo.
Título Artist's writings
Mención de responsabilidad William Kentridge.
Título Chronology.
653 10 - TÉRMINO DE INDIZACIÓN--NO CONTROLADO
Término no controlado Arte contemporáneo
653 10 - TÉRMINO DE INDIZACIÓN--NO CONTROLADO
Término no controlado Dibujo
653 10 - TÉRMINO DE INDIZACIÓN--NO CONTROLADO
Término no controlado Ilustradores
653 10 - TÉRMINO DE INDIZACIÓN--NO CONTROLADO
Término no controlado Instalación - Teatro
653 10 - TÉRMINO DE INDIZACIÓN--NO CONTROLADO
Término no controlado Películas animadas
653 10 - TÉRMINO DE INDIZACIÓN--NO CONTROLADO
Término no controlado Arte - Sudáfrica
700 1# - ENTRADA AGREGADA--NOMBRE PERSONAL
Nombre de persona Christov-Bakargiev, Carolyn.
9 (RLIN) 6005
700 1# - ENTRADA AGREGADA--NOMBRE PERSONAL
Nombre de persona Coetzee, J.M.
9 (RLIN) 574
Holdings
Estatus retirado Estado de pérdida Fuente del sistema de clasificación o colocación Estado de daño No para préstamo Biblioteca de origen Biblioteca actual Ubicación en estantería Fecha de adquisición Total de préstamos Signatura topográfica completa Código de barras Visto por última vez Precio de reemplazo Tipo de ítem Koha
    Clasificación Decimal Dewey     Biblioteca LadoV Biblioteca LadoV   30/09/2017   741 C182w 000866 30/09/2017 30/09/2017 Material 01